CA Peñarol Squad 2025 - Statistics

General Stats
  • This quiz has been taken 36 times
  • The average score is 23 of 30
Answer Stats
# Position Nation Player % Correct
2 DF Brazil Léo Coelho
91%
10 MF Uruguay Leonardo Fernández
91%
29 MF Argentina Eric Remedi
86%
5 MF Uruguay Ignacio Sosa
86%
15 DF Uruguay Maximiliano Olivera
86%
34 DF Uruguay Nahuel Herrera
86%
80 MF Uruguay David Terans
82%
- Coach Uruguay Diego Aguirre
82%
50 FW Uruguay Diego García
82%
12 GK Uruguay Guillermo de Amores
82%
27 DF Uruguay Lucas Hernández
82%
25 GK Uruguay Martín Campaña
82%
11 FW Uruguay Maximiliano Silvera
82%
22 DF Uruguay Damián Suárez
77%
8 FW Paraguay Héctor Villalba
77%
23 DF Uruguay Javier Méndez
77%
4 DF Uruguay Juan Rodríguez
77%
20 DF Uruguay Pedro Milans
77%
77 FW Uruguay Alexander Machado
73%
21 DF Uruguay Gastón Silva
73%
28 FW Uruguay Jaime Báez
73%
6 MF Uruguay Rodrigo Pérez
73%
1 GK Uruguay Kevin Morgan
68%
32 FW Uruguay Leandro Umpiérrez
68%
7 FW Uruguay Javier Cabrera
64%
18 DF Uruguay Camilo Mayada
59%
13 MF Uruguay Eduardo Darias
59%
9 FW Uruguay Felipe Avenatti
59%
70 MF Uruguay Franco González
55%
36 MF Uruguay Tomás Olase
50%
No matching quizzes found
Score Distribution
Percent of People with Each Score
Percentile by Number Answered
Your Score History
You have not taken this quiz